00322nam a2200121Ia 4500008004100000041000800041082001500049100001800064245004500082260003300127300002900160365001100189240624s9999 xx 000 0 und d aeng a153.42 TAH aTAHER NASREEN aCRITICAL THINKING CONCEPTS AND APPLICATI c2006aHyderabadbICFAI press av, : 178 : p. : cm. ; 23 cRSb50